All men FIFA world cup winners (and runner-up) - Statistics

General Stats
  • This quiz has been taken 50 times
  • The average score is 21 of 22
Answer Stats
Year Winner Year Runner-up % Correct
1978 Argentina 1978 Netherlands
100%
1986 Argentina 1986 Germany
100%
2022 Argentina 2022 France
100%
1998 France 1998 Brazil
100%
2018 France 2018 Croatia
100%
1954 Germany 1954 Hungary
97%
1974 Germany 1974 Netherlands
97%
1990 Germany 1990 Argentina
97%
2014 Germany 2014 Argentina
97%
2010 Spain 2010 Netherlands
97%
1958 Brazil 1958 Sweden
94%
1962 Brazil 1962 Czechoslovakia
94%
1970 Brazil 1970 Italy
94%
1994 Brazil 1994 Italy
94%
2002 Brazil 2002 Germany
94%
1934 Italy 1934 Czechoslovakia
94%
1938 Italy 1938 Hungary
94%
1982 Italy 1982 Germany
94%
2006 Italy 2006 France
94%
1930 Uruguay 1930 Argentina
94%
1950 Uruguay 1950 Brazil
94%
1966 England 1966 Germany
88%
No matching quizzes found
Score Distribution
Percent of People with Each Score
Percentile by Number Answered
Your Score History
You have not taken this quiz